NEPOZNANÉ TUBERKULÓZNE PERIKARDITÍDY

Bibliographic Details
Main Authors: Jezerský, J. (Author), Babál, Marcel, 1927-2006 (Author), Belicayová, Ružena, 1930-2019 (Author)
Format: Article
Language:Slovak

MARC

LEADER 00000nab a2200000uu 4500
001 vtls011490571
003 SK-MaSNL
005 20260303224915.0
008 230121|1970 xo |||||||||||||||||slo|
015 |a SNBRB 
035 |a (urnnbn)urn:nbn:sk:snk:ar-007ksv 
035 |a (uuid)312db4ff-2afd-4ec6-b534-39480bd3342c 
035 |a urn:nbn:sk:snk-abdfqv 
040 |a SNKBUCL  |b slo  |c SNKBUCL  |e AACR2 
041 0 |a slo 
044 |a xo  |c SK 
100 1 |a Jezerský, J.  |4 aut  |9 1120725 
245 1 0 |a NEPOZNANÉ TUBERKULÓZNE PERIKARDITÍDY  |c R. Belicayová, M. Babál, J. Jezerský 
700 1 |a Babál, Marcel,  |d 1927-2006  |4 aut  |9 231671 
700 1 |a Belicayová, Ružena,  |d 1930-2019  |4 aut  |9 9101 
773 0 |t Lekársky obzor : odborný časopis Slovenskej zdravotníckej univerzity v Bratislave  |g Roč. 19, č. 12 (1970), s. 671-674 
954 |a odborná, vedecká literatúra pôvodná (slovenská)  |2 lita 
958 |a OND 
958 |a EUIPO 
958 |a article18 
999 |c 2254635  |d 2256565